| 000 | 00615nam a22001817a 4500 | ||
|---|---|---|---|
| 005 | 20231110165720.0 | ||
| 010 | _aENG-134970 | ||
| 020 |
_a9789388548823 _c1200.00 |
||
| 035 | _aEN-118502 | ||
| 037 | _bDBAD/PUB | ||
| 082 | _a346.5407 | ||
| 100 |
_aK.S. Ravichandran _958562 |
||
| 245 |
_aRelated party transactions under the Companies Act, 2013/ _cK.S. Ravichandran |
||
| 260 |
_aHaryana _bLexis Nexis' _c2020 |
||
| 270 |
_a14th floor, building NO.10, Tower-B, DLF cyber city, Phase-II, Gurgaon _bHaryana _e122002 |
||
| 300 |
_axliii,835p. _c24cm(hb) _bindex |
||
| 942 |
_2ddc _cEN _h346.5407 _mRAV |
||
| 999 |
_c191974 _d191974 |
||